Deska po obvodě podepřená : diagram redukčních koeficientů /

Main Author: Martinek
Language: Czech
Published: Praha : Martinek, 1922
Physical Description: 1 s.
Book
Saved in:
LEADER 00562nam a2200181 a 4500
001 000664030
003 CZ BrMZK
005 20030408140038.0
008 030331s1922 xr f cze d
040 |a BOA001  |b cze  |c BOA001 
100 1 |a Martinek  |4 aut 
245 1 0 |a Deska po obvodě podepřená :  |b diagram redukčních koeficientů /  |c sestavil Martinek 
260 |a Praha :  |b Martinek,  |c 1922 
300 |a 1 s. 
910 |a BOA001  |b TK-0020.553 
990 |a BK 
993 |a Y 
996 6 |b BC-87545  |c TK-0020.553  |l MZK  |r Sklad / do 24 hodin  |n 0  |w 000664030  |u 000010  |a 1  |e BOA001  |j MZK50  |s P